[Event "Yerevan op 1st"]
[Site "Yerevan"]
[Date "2016.10.10"]
[Round "9"]
[White "Kocharyan, Hayk"]
[Black "Yeremyan, Hayk"]
[Result "0-1"]
[WhiteElo "1599"]
[BlackElo "1824"]
[PlyCount "92"]
[EventDate "2016.10.02"]
[EventType "swiss"]
[EventRounds "9"]
[EventCountry "ARM"]
[SourceTitle "EXT 2017"]
[Source "ChessBase"]
[SourceDate "2016.10.25"]
[SourceVersion "1"]
[SourceVersionDate "2016.10.25"]
[SourceQuality "1"]

1. c4 c5 2. Nc3 Nf6 3. g3 d5 4. cxd5 Nxd5 5. Bg2 Nxc3 6. bxc3 Qc7 7. Nf3 Nc6 8. 0-0 e6 9. d4 cxd4 10. cxd4 Be7 11. Bb2 0-0 12. Rc1 Qa5 13. a3 Rd8 14. Rxc6 bxc6 15. Ne5 Bb7 16. Bxc6 Qb6 17. Bxb7 Qxb7 18. Nd3 Bf6 19. e3 Rab8 20. Bc3 Be7 21. Bb4 Bf6 22. f4 Qe4 23. Qd2 Bxd4 24. exd4 Qxd4+ 25. Qf2 Qxd3 26. Qxa7 Qd4+ 27. Qxd4 Rxd4 28. Rc1 Rd7 29. Kf2 f6 30. Ke2 Kf7 31. Rc5 Rb6 32. Rc4 Rb5 33. Rc5 Rxc5 34. Bxc5 Rc7 35. Bb4 Rc2+ 36. Kf3 Rxh2 37. a4 Ke8 38. a5 Ra2 39. g4 g6 40. g5 Kf7 41. Be1 Ra4 42. Bd2 e5 43. fxe5 fxg5 44. Bxg5 Ke6 45. Bd8 Kxe5 46. Kg3 Kd5 0-1

[Event "Yerevan op 1st"]
[Site "Yerevan"]
[Date "2016.10.06"]
[Round "5"]
[White "Ohanyan, Emin"]
[Black "Yeremyan, Hayk"]
[Result "0-1"]
[WhiteElo "1508"]
[BlackElo "1824"]
[PlyCount "62"]
[EventDate "2016.10.02"]
[EventType "swiss"]
[EventRounds "9"]
[EventCountry "ARM"]
[SourceTitle "EXT 2017"]
[Source "ChessBase"]
[SourceDate "2016.10.25"]
[SourceVersion "1"]
[SourceVersionDate "2016.10.25"]
[SourceQuality "1"]

1. e4 c6 2. Nc3 d5 3. Nf3 Bg4 4. h3 Bh5 5. exd5 cxd5 6. Bb5+ Nc6 7. g4 Bg6 8. d4 e6 9. Ne5 Nge7 10. Qe2 a6 11. Ba4 Qb6 12. Bg5 Qxb2 13. Kd2 Bxc2 14. Bxc2 Nxd4 15. Qd3 Qxc2+ 16. Ke3 Nec6 17. Nxc6 Qxd3+ 18. Kxd3 Nxc6 19. Rab1 b5 20. Rhe1 Kd7 21. f4 Bb4 22. f5 d4 23. fxe6+ fxe6 24. Ne4 Bxe1 25. Rxe1 Nb4+ 26. Kd2 Rac8 27. a3 Nd5 28. Kd3 e5 29. Nd2 Rc3+ 30. Ke4 Ke6 31. Nb1 Rxh3 0-1

[Event "Yerevan op 1st"]
[Site "Yerevan"]
[Date "2016.10.02"]
[Round "1"]
[White "Gholami Orimi, Mahdi"]
[Black "Yeremyan, Hayk"]
[Result "1-0"]
[WhiteElo "2302"]
[BlackElo "1824"]
[PlyCount "111"]
[EventDate "2016.10.02"]
[EventType "swiss"]
[EventRounds "9"]
[EventCountry "ARM"]
[SourceTitle "EXT 2017"]
[Source "ChessBase"]
[SourceDate "2016.10.25"]
[SourceVersion "1"]
[SourceVersionDate "2016.10.25"]
[SourceQuality "1"]

1. d4 d5 2. c4 e6 3. Nc3 Nf6 4. Bg5 Be7 5. e3 0-0 6. Nf3 b6 7. cxd5 Nxd5 8. Bxe7 Qxe7 9. Rc1 Bb7 10. Bd3 Rc8 11. 0-0 c5 12. dxc5 Nxc3 13. Rxc3 Rxc5 14. Rxc5 Qxc5 15. Qb1 g6 16. Rc1 Qe7 17. Be4 Na6 18. b4 Rc8 19. Rxc8+ Bxc8 20. a3 Bb7 21. h4 Bxe4 22. Qxe4 Nc7 23. h5 gxh5 24. Qe5 h4 25. Qh5 Qf6 26. Ng5 h6 27. Ne4 Qg6 28. Qxh4 Nd5 29. Ng3 Nf6 30. Qf4 Nd7 31. Qc7 Qd3 32. Qxa7 Qd1+ 33. Kh2 Qd6 34. Qa8+ Kg7 35. Qe4 Nf6 36. Qd4 Qxd4 37. exd4 Nd5 38. Ne4 Kf8 39. Kg3 Ke7 40. Kf3 Kd7 41. g4 Kc6 42. g5 h5 43. Kg3 Ne7 44. Nf6 Nf5+ 45. Kf4 Nxd4 46. Nxh5 Kd6 47. a4 Nc6 48. b5 Ne5 49. Nf6 Nd3+ 50. Ke3 Nb2 51. Ne4+ Kd5 52. Nc3+ Kc4 53. a5 Kxc3 54. a6 Nc4+ 55. Ke2 Nd6 56. a7 1-0